La Colonia romana de Pollentia (Record no. 133652)

MARC details
000 -LEADER
campo de control de longitud fija 00754nam a2200193 i 4500
001 - NÚMERO DE CONTROL
campo de control 133652
003 - IDENTIFICADOR DE NÚMERO DE CONTROL
campo de control ES-MaACL
005 - FECHA Y HORA DE LA ÚLTIMA TRANSACCIÓN
campo de control 20230906194504.0
007 - CAMPO FIJO DE DESCRIPCIÓN FÍSICA--INFORMACIÓN GENERAL
campo de control de longitud fija t|
008 - DATOS DE LONGITUD FIJA--INFORMACIÓN GENERAL
campo de control de longitud fija 070823s1970 sp ||||1| spa d
100 1# - ENTRADA PRINCIPAL--NOMBRE DE PERSONA
Nombre de persona Woods, Daniel E.
9 (RLIN) 117335
245 10 - MENCIÓN DEL TÍTULO
Título La Colonia romana de Pollentia
Resto del título : comunicación presentada al Symposium "Nuevas Investigaciones Insulares" Deyá, Mallorca, 20 de julio de 1969 /
Mención de responsabilidad, etc. por Daniel E. Woods ; traducción Kevin Woods y Bárbara Ham.
260 ## - PUBLICACIÓN, DISTRIBUCIÓN, ETC.
Lugar de publicación, distribución, etc. Palma de Mallorca :
Nombre del editor, distribuidor, etc. Mascaró Pasarius,
Fecha de publicación, distribución, etc. 1970.
300 ## - DESCRIPCIÓN FÍSICA
Extensión 16 p. :
Otras características físicas il. ;
Dimensiones 25 cm.
651 #4 - PUNTO DE ACCESO ADICIONAL DE MATERIA--NOMBRE GEOGRÁFICO
Nombre geográfico Baleares (Comunidad Autónoma)-
Subdivisión general Historia.
9 (RLIN) 7858
700 1# - ENTRADA AGREGADA--NOMBRE PERSONAL
Nombre de persona Woods, Kevin.
9 (RLIN) 117339
700 1# - ENTRADA AGREGADA--NOMBRE PERSONAL
Nombre de persona Ham, Bárbara.
9 (RLIN) 61634
852 ## - LOCALIZACIÓN
Ubicación ES-MaACL
Número de control de estantería 2075-F-25
Sublocalización o colección R.75270
Holdings
Estatus retirado Estado de pérdida Estado de daño No para préstamo Colección Biblioteca de origen Biblioteca actual Ubicación en estantería Fecha de adquisición Fuente de adquisición Total de préstamos Signatura topográfica completa Código de barras Visto por última vez Precio de reemplazo Tipo de ítem Koha
        Colección de folletos Biblioteca del Ateneo de Madrid Biblioteca del Ateneo de Madrid Depósito folletos 17/01/2008     2075-F-25 1139131 23/02/2023 23/02/2023 Folleto